Elementary analytical conics
Guardado en:
| Autor Principal: | |
|---|---|
| Formato: | Libro |
| Idioma: | English |
| Publicado: |
London
Oxford University Press
1950
|
| Edición: | 2nd ed. |
| Etiquetas: |
Agregar Etiqueta
Sin Etiquetas, Sea el primero en etiquetar este registro!
|
| LEADER | 00459nam a22001455a 4500 | ||
|---|---|---|---|
| 001 | MAT.inmabb000287 | ||
| 008 | 790427s1950####enka##########000#0#eng## | ||
| 005 | 20110224131810.0 | ||
| 245 | 0 | 0 | |a Elementary analytical conics |c by J.H. Shackleton Bailey |
| 250 | |a 2nd ed. | ||
| 260 | |a London |b Oxford University Press |c 1950 | ||
| 300 | |a 378 p. : |b il. ; |c 19 cm. | ||
| 100 | 1 | |a Bailey, John Henry Shackleton | |
| 084 | |a 51-01 (51N20) |2 msc2000 | ||
| 859 | |h 51 |i B154 |p A-6 |b BIB. MATEMATICA | ||
